Les Merveilles d'Age of Empires IV - Statistiques

Statistiques générales
  • Ce quiz a été pris 10 fois
  • Le résultat moyen est 2 sur 8
Statistiques - réponses
Par images Hint Réponse % Correct
Français Notre-Dame
100%
Rus Cathédrale du Tzar
44%
Mongoles Monument du Grand Khan
33%
Anglais Cathédrale Saint-Thomas
22%
Sultanat de Delhi Grand Palais d'Agra
22%
Chinois Enclave de l'Empereur
11%
Saint Empire Romain-Germanique Grand Palais de Flensbourg
0%
Dynastie des Abassydes Salle de prière d'Oqba
0%
Aucun quiz correspondant
Distribution des résultats
% des personnes avec chaque résultat
Percentile par nombre de réponses
Votre historique - résultats
Vous n’avez pas pris ce quiz